[Event "3rd Zurich Lake Plaza Open"]
[Site "Pfaeffikon SUI"]
[Date "2003.06.08"]
[Round "5"]
[White "Pikula,D"]
[Black "Mitkov,N"]
[Result "1-0"]
[WhiteElo "2478"]
[BlackElo "2546"]

1.e4 d6 2.d4 Nf6 3.Nc3 e5 4.Nf3 Nbd7 5.Bc4 Be7 6.O-O O-O 7.a4 a5 8.Re1 c6
9.h3 exd4 10.Qxd4 Nc5 11.Bf4 Be6 12.Rad1 Qb6 13.Bxe6 fxe6 14.e5 dxe5 15.Bxe5 Rad8
16.Qh4 Qb4 17.Bd4 h6 18.b3 Rf7 19.Na2 Qa3 20.Nc1 Rd5 21.Qg3 Bd6 22.Qg6 Ncd7
23.Bxf6 Rxf6 24.Qe4 Qc5 25.c4 Rxd1 26.Rxd1 Nf8 27.Qd4 Qxd4 28.Rxd4 Bc7 29.Nd3 Rf5
30.Nd2 Rf7 31.Nf3 Nd7 32.Kf1 Kh8 33.Ke2 Re7 34.Nh4 Kh7 35.Nf3 Kg8 36.Nd2 Nf6
37.Ne4 Nd7 38.c5 e5 39.Rc4 Kf7 40.f3 Ke6 41.g4 Nf6 42.Nxf6 gxf6 43.Nf2 h5
44.gxh5 Rh7 45.Rg4 Kf7 46.b4 Rxh5 47.b5 Bd8 48.Rg1 Be7 49.bxc6 bxc6 50.Rb1 Bxc5
51.Rb7+ Ke6 52.Ne4 Be7 53.Rc7 f5 54.Rxc6+ Kd7 55.Nf6+ Bxf6 56.Rxf6 f4 57.Ra6 Rxh3
58.Rxa5  1-0

[Event "3rd Zurich Lake Plaza Open"]
[Site "Pfaeffikon SUI"]
[Date "2003.06.08"]
[Round "6"]
[White "Milov,L"]
[Black "Georgiev,Vl"]
[Result "1/2-1/2"]
[WhiteElo "2464"]
[BlackElo "2552"]

1.e4 d6 2.d4 Nf6 3.Nc3 e5 4.Nge2 Be7 5.h3 c6 6.g4 b5 7.a3 h5 8.g5 Nfd7 9.d5 c5
10.Ng3 g6 11.Bxb5 h4 12.Nf1 a6 13.Bc6 Ra7 14.b4 Kf8 15.b5 Nb6 16.a4 a5 17.Qf3 Bxg5
18.Rg1 Qf6 19.Qxf6 Bxf6 20.Rh1 N8d7 21.Ke2 Bd8 22.Ne3  1/2-1/2

[Event "FSGM June"]
[Site "Budapest HUN"]
[Date "2003.06.09"]
[Round "3"]
[White "Jakab,A"]
[Black "Lorscheid,G"]
[Result "1/2-1/2"]
[WhiteElo "2388"]
[BlackElo "2315"]

1.e4 d6 2.d4 Nf6 3.Nc3 e5 4.dxe5 dxe5 5.Qxd8+ Kxd8 6.Bg5 Be6 7.O-O-O+ Nd7
8.g3 Bb4 9.Bxf6+ gxf6 10.Nd5 Be7 11.Bh3 c6 12.Nxe7 Kxe7 13.Bxe6 fxe6 14.Ne2 Nc5
15.f3 a5 16.c3 Rad8 17.Kc2 f5 18.exf5 exf5 19.Nc1 Rxd1 20.Rxd1 h5 21.Nd3 Nxd3
22.Rxd3 h4 23.g4 Rf8 24.Kd1  1/2-1/2

[Event "IEWCC"]
[Site "Istanbul TUR"]
[Date "2003.06.11"]
[Round "8"]
[White "Stiri,A"]
[Black "Milliet,S"]
[Result "0-1"]
[WhiteElo "2178"]
[BlackElo "2240"]

1.e4 d6 2.d4 Nf6 3.Nc3 Nbd7 4.f4 e5 5.Nf3 exd4 6.Qxd4 c6 7.Bd2 d5 8.exd5 Bc5
9.Qd3 Qe7+ 10.Be2 cxd5 11.Nxd5 Nxd5 12.Qxd5 O-O 13.Ne5 Nb6 14.Qf3 Be6 15.O-O-O Bxa2
16.Rhe1 Bd5 17.Qg3 Qe8 18.Bc3 f6 19.Ng4 Qc6 20.Nh6+ Kh8 21.Nf5 Rf7 22.Bd3 Bc4
23.Be4 Bd5 24.Bd3 Bc4 25.Be4 Bd5 26.Rxd5 Nxd5 27.Qh4 h6 28.Qg3 Qd7 29.Nh4 Nxc3
30.Qxc3 Rd8 31.Bd3 Qd4 32.Ng6+ Kg8 33.Rf1 Qe3+ 34.Kb1 b5 35.Bxb5 Qd4 36.Qd3  0-1

[Event "IEWCC"]
[Site "Istanbul TUR"]
[Date "2003.06.11"]
[Round "8"]
[White "Velcheva,M"]
[Black "Shumiakina,T"]
[Result "0-1"]
[WhiteElo "2249"]
[BlackElo "2373"]

1.e4 d6 2.d4 Nf6 3.Nc3 e5 4.Nf3 Nbd7 5.Bc4 Be7 6.O-O O-O 7.a4 c6 8.Re1 b6
9.h3 a6 10.d5 cxd5 11.Nxd5 Nxd5 12.Bxd5 Rb8 13.b4 Qc7 14.Qd3 Nf6 15.Bb3 Bb7
16.Bb2 Rbc8 17.Rad1 b5 18.a5 Bc6 19.Nd2 Qb7 20.f3 Nh5 21.Nf1 Rfd8 22.Ne3 Bh4
23.Rf1 Qa7 24.Bc1 g6 25.Kh2 Bg3+ 26.Kh1 Bf4 27.Rf2 Bg3 28.Rff1 Bh4 29.Kh2 Kg7
30.Ng4 Bg3+ 31.Kh1 Bf4 32.Bxf4 Nxf4 33.Qd2 h5 34.Ne3 Qe7 35.Kh2 h4 36.Rf2 Qg5
37.Kh1 Rc7 38.Kh2 Bb7 39.Kh1 f5 40.Bd5 Bc8 41.Bb3 Be6 42.Bxe6 Nxe6 43.c3 Kf7
44.Nd5 Qxd2 45.Rfxd2 Rc6 46.Kg1 Ng5 47.exf5 gxf5 48.Kf2 Ke6 49.Re2 Rc4 50.Rd3 Nh7
51.Ne3 Rc6 52.Nd5 Nf6 53.Nxf6 Kxf6 54.Ke1 d5 55.Kd2 Rcd6 56.f4 e4 57.Rd4 Ke6
58.Kc2 Rc8 59.Red2 Rg8 60.Re2 Rg3 61.Kb2 Rd7 62.Red2 Re3 63.Rd1 Re2+ 64.R1d2 Re1
65.Rd1 Rxd1 66.Rxd1 Rg7 67.Rd2 Rg3 68.Re2 Rd3 69.Kc2 d4 70.cxd4 Kd5 71.Kb2 Kxd4
72.Rc2 e3 73.Kc1 Rc3  0-1

[Event "IEWCC"]
[Site "Istanbul TUR"]
[Date "2003.06.12"]
[Round "9"]
[White "Gerasimovitch,O"]
[Black "Mira,H"]
[Result "1/2-1/2"]
[WhiteElo "2200"]
[BlackElo "2126"]

1.e4 d6 2.d4 Nf6 3.Nc3 c6 4.Nf3 Bg4 5.h3 Bh5 6.g4 Bg6 7.Qe2 Qa5 8.Bd2 Qb6
9.O-O-O d5 10.exd5 Nxd5 11.Nxd5 cxd5 12.Qb5+ Nc6 13.Ne5 e6 14.h4 O-O-O 15.Qxb6 axb6
16.Nxg6 hxg6 17.Bg5 f6 18.Be3 g5 19.h5 Bd6 20.c3 Rh6 21.Bd3 Ne7 22.Rde1 Rdh8
23.Rhf1 Kd7 24.f4 gxf4 25.Bxf4 Bxf4+ 26.Rxf4 Kd6 27.Rf3 Nc6 28.Rfe3 e5 29.dxe5+ Nxe5
30.Bf5 Ra8 31.a3 Rhh8 32.Rd1 Kc6 33.Rd4 b5 34.Kc2 Kc5 35.Be6 Rhd8 36.g5 Rd6
37.Bf5 Nc4 38.Rg3 fxg5 39.Rxg5 Rf8 40.Kb3  1/2-1/2

[Event "IEWCC"]
[Site "Istanbul TUR"]
[Date "2003.06.13"]
[Round "10"]
[White "Andersson,C"]
[Black "Moser,E"]
[Result "0-1"]
[WhiteElo "2142"]
[BlackElo "2341"]

1.e4 d6 2.d4 Nf6 3.Nc3 Nbd7 4.Nf3 e5 5.dxe5 dxe5 6.Bg5 Bb4 7.Qd3 O-O 8.Bxf6 Qxf6
9.O-O-O c6 10.Be2 Nc5 11.Qe3 Ne6 12.Bc4 b5 13.Bb3 a5 14.Ne2 Nc5 15.a3 Nxb3+
16.Qxb3 Be7 17.Qc3 Bg4 18.h3 b4 19.Qe3 Bxf3 20.gxf3 bxa3 21.bxa3 Rab8 22.Rd3 a4
23.Rg1 Rb5 24.Ng3 Bc5 25.Qe2 Qf4+ 26.Qd2 Bxa3+ 27.Kd1 Rb1+ 28.Ke2 Qxd2+ 29.Kxd2 Bb4+
30.c3 Bxc3+ 31.Rxc3 Rxg1 32.Rxc6 Ra8 33.Ne2 Rh1 34.Nc3 h5 35.Rc5 Rxh3 36.Ke3 f6
37.Rc7 a3 38.Na2 Rh1 39.f4 h4 40.fxe5 fxe5 41.f3 Rh2 42.Nc3 a2 43.Nxa2 Raxa2
44.Re7 Ra3+  0-1

[Event "4th IECC"]
[Site "Istanbul TUR"]
[Date "2003.06.13"]
[Round "13"]
[White "Reinderman,D"]
[Black "Dizdarevic,E"]
[Result "1/2-1/2"]
[WhiteElo "2516"]
[BlackElo "2491"]

1.e4 d6 2.d4 Nf6 3.Nc3 e5 4.Nf3 Nbd7 5.Bc4 Be7 6.O-O c6 7.a4 Qa5 8.Qe2 O-O
9.Ba2 exd4 10.Nxd4 Re8 11.Be3 Bf8 12.f3 g6 13.Rad1 Nc5 14.Qd2 Qb4 15.Kh1 a5
16.Bf2 Nfd7 17.Qc1 Nxa4 18.Nxa4 Qxa4 19.Qa1 Nc5 20.c3 Be6 21.Nxe6 Nxe6 22.Rd4 Qb5
23.Bc4 Qe5 24.Bxe6 fxe6 25.Bg3 d5 26.f4 Qf6 27.Ra4 Qd8 28.f5 b5 29.Rd4 Bg7
30.Rd3 gxf5 31.exf5 exf5 32.Rxf5 Rf8 33.Rxf8+ Qxf8 34.h3 a4 35.Qd1 Re8 36.Kh2 Qf5
37.Rf3 Qe4 38.Rf2 Qg6 39.Rf4 h5 40.Rh4 Re3 41.Bf2 Re5 42.Bd4 Rg5 43.Qf3 Rf5
44.Qe2 Bf8 45.g4 Bd6+ 46.Kh1 Rf4 47.Rxh5 Qb1+ 48.Kg2  1/2-1/2

[Event "IHEM"]
[Site "Hamburg GER"]
[Date "2003.06.14"]
[Round "8"]
[White "Schulz,HJ"]
[Black "Jacoby,G"]
[Result "1-0"]
[WhiteElo "2099"]
[BlackElo "2258"]

1.e4 d6 2.d4 Nf6 3.Nc3 e5 4.dxe5 dxe5 5.Qxd8+ Kxd8 6.Bg5 c6 7.O-O-O+ Ke8
8.Nf3 Bg4 9.Bc4 Nbd7 10.h3 Bxf3 11.gxf3 Bc5 12.Rhf1 Rf8 13.a3 Nh5 14.Rd2 Be7
15.Be3 Nc5 16.Rfd1 a6 17.b4 Ne6 18.Rd7 Nd8 19.Bb6 Nf6 20.Rc7 Rb8 21.f4 exf4
22.e5 Nd5 23.Nxd5 cxd5 24.Bxd5 f5 25.exf6 Rxf6 26.Re1 Rxb6 27.Rcxe7+  1-0

[Event "IV Open"]
[Site "Lido Estensi ITA"]
[Date "2003.06.14"]
[Round "8"]
[White "Kogan,Ar"]
[Black "Lazic,Mi"]
[Result "1-0"]
[WhiteElo "2539"]
[BlackElo "2508"]

1.d4 d6 2.e4 Nf6 3.Nc3 c6 4.Bg5 Nbd7 5.f4 Qa5 6.Qd2 h6 7.Bh4 e5 8.Nf3 exf4
9.Bxf6 Nxf6 10.Qxf4 Be6 11.d5 Bd7 12.O-O-O Be7 13.dxc6 Bxc6 14.Bc4 O-O 15.Kb1 Rac8
16.Bb3 Qc5 17.Nd4 Bd7 18.Rhf1 b5 19.Qg3 a6 20.Nf5 Bxf5 21.Rxf5 Qc7 22.Rdf1 Kh8
23.Qh3 b4 24.Rxf6 Bxf6 25.Nd5 Qd8 26.Rxf6 Kh7 27.Qf5+ Kg8 28.Qf4 Kh7 29.Rxd6 Qg5
30.Qxg5 hxg5 31.Nxb4 Rfe8 32.c3 g6 33.Bxf7  1-0

[Event "ch-RSA"]
[Site "Kempton Park RSA"]
[Date "2003.06.15"]
[Round "3"]
[White "Cawdery,D"]
[Black "Kobese,W"]
[Result "0-1"]
[WhiteElo "2182"]
[BlackElo "2404"]

1.e4 d6 2.d4 Nf6 3.Nc3 e5 4.Nf3 Nbd7 5.Bc4 Be7 6.Bxf7+ Kxf7 7.Ng5+ Kg8 8.Ne6 Qe8
9.Nxc7 Qg6 10.Nxa8 Qxg2 11.Rf1 exd4 12.Qe2 dxc3 13.Qc4+ d5 14.exd5 Kf7 15.d6+ Nd5
16.Bf4 b5 17.Qxb5 cxb2 18.Rd1 Bf6 19.Nc7 Qe4+  0-1

[Event "FIDE Open"]
[Site "Voronezh RUS"]
[Date "2003.06.20"]
[Round "8"]
[White "Tugaj,S"]
[Black "Kachkina,E"]
[Result "1-0"]
[WhiteElo "2246"]
[BlackElo "2060"]

1.e4 d6 2.d4 Nf6 3.Nc3 e5 4.dxe5 dxe5 5.Qxd8+ Kxd8 6.Bg5 Be6 7.O-O-O+ Bd6
8.f4 Nc6 9.Nf3 Ke8 10.f5 Ng4 11.fxe6 Nf2 12.exf7+ Kxf7 13.Bc4+ Ke8 14.Rxd6 cxd6
15.Rf1 Ng4 16.Nb5 h6 17.h3 hxg5 18.hxg4 Rd8 19.Nxg5 Rh2 20.Be6  1-0

[Event "TCh-BIH"]
[Site "Jahorina BIH"]
[Date "2003.06.21"]
[Round "1"]
[White "Sekulic,V"]
[Black "Hadzic,A"]
[Result "1/2-1/2"]
[WhiteElo "2285"]
[BlackElo "2155"]

1.e4 d6 2.d4 Nf6 3.Nc3 c6 4.Nf3 Qa5 5.Bd3 e5 6.O-O Bg4 7.Be3 Be7 8.Be2 O-O
9.Nd2 Bxe2 10.Qxe2 Nbd7 11.Nb3 Qc7 12.a4 a5 13.Rad1 Rfe8 14.f3 Nf8 15.dxe5 dxe5
16.Qf2 Bb4 17.Rd3 Ne6 18.Rfd1 Qe7 19.g3 Red8 20.Nb1 b5 21.c3 Rxd3 22.Rxd3 Bd6
23.axb5 cxb5 24.Qd2 Ra6 25.Kg2 a4 26.Nc1 h6 27.Na2 Rc6 28.Qd1 g5 29.h3 Kg7
30.Nd2 h5 31.Rd5 Bc5 32.Qe2 Bxe3 33.Qxe3 Nxd5 34.exd5 Nf4+ 35.gxf4 gxf4 36.Qf2 Rg6+
37.Kh2 f5 38.Nb4 Kh7 39.Nc6 Qd6 40.Qh4 Kh6 41.Qd8 Qxd8 42.Nxd8 Kg7 43.Nc6 Rd6
44.Nb4 Rd7 45.Kg2 Kf6 46.c4 bxc4 47.Nxc4 e4 48.d6 Ke6 49.Kf2 Rb7 50.Na6 Ra7
51.Nc5+ Kd5 52.d7 Rxd7 53.Nxd7 Kxc4 54.Ke2 Kb4 55.Nb6 h4 56.Nd5+ Kb3 57.Nb6 Kb4
58.Kd2 Kb3 59.Ke2 Kb4 60.Nd7 Kb3 61.Nc5+ Kb4 62.fxe4 Kxc5 63.exf5 Kd5 64.Kf3 Ke5
65.f6 Kxf6 66.Kxf4 Ke6 67.Kg4 Kd5 68.Kxh4 Kc4 69.Kg4 Kb3 70.h4 Kxb2 71.h5 a3
72.h6 a2 73.h7  1/2-1/2

[Event "TCh-BIH"]
[Site "Jahorina BIH"]
[Date "2003.06.22"]
[Round "3"]
[White "Benderac,S"]
[Black "Dizdarevic,E"]
[Result "0-1"]
[WhiteElo "2356"]
[BlackElo "2491"]

1.e4 d6 2.d4 Nf6 3.Nc3 e5 4.Nf3 Nbd7 5.Bc4 Be7 6.O-O c6 7.a4 Qa5 8.Ba2 O-O
9.Re1 Re8 10.h3 exd4 11.Nxd4 Bf8 12.Bf4 Qb4 13.Rb1 a5 14.Nf5 Ne5 15.Nd4 Bxh3
16.Nxc6 bxc6 17.gxh3 d5 18.Bg5 Nxe4 19.Nxe4 Qxe1+ 20.Qxe1 Nf3+  0-1

[Event "TCh-BIH"]
[Site "Jahorina BIH"]
[Date "2003.06.23"]
[Round "4"]
[White "Plakalovic,P"]
[Black "Hadzic,A"]
[Result "1/2-1/2"]
[WhiteElo "2168"]
[BlackElo "2155"]

1.e4 d6 2.d4 Nf6 3.Nc3 c6 4.f3 Nbd7 5.Be3 e5 6.Qd2 Qa5 7.Nh3 Be7 8.Be2 h6
9.O-O Qc7 10.a4 a5 11.Rad1 O-O 12.f4 Re8 13.Nf2 Nf8 14.d5 exf4 15.Bxf4 Ng6
16.Bg3 Qb6 17.Kh1 Rd8 18.Nd3 Bg4 19.h3 Bxe2 20.Qxe2 Re8 21.Qf3 Bf8 22.Bf2 Qc7
23.Rd2 Rab8 24.Ba7 Ra8 25.Bg1 Rad8 26.Rfd1 Nd7 27.Bd4 Be7 28.dxc6 bxc6 29.Ne2 Bg5
30.Ng3 Bxd2 31.Rxd2 Nde5 32.Qf2 c5 33.Bc3 Nxd3 34.Rxd3 Ne5 35.Rd5 Re6 36.Nf5 Rde8
37.Qe2 Qc6 38.Qb5 Rc8 39.Qxa5 Kh7 40.Qb5 g6 41.Ne3 Qxb5 42.axb5 Rb8 43.Rxd6 Rxd6
44.Bxe5 Rdb6 45.Bxb8 Rxb8 46.c4 Kg7 47.Nd5 Kf8 48.b4 cxb4 49.Nxb4 Ke8 50.Kg1 Kd7
51.Kf2 Rc8 52.Nc6 Kd6 53.Ke3 Kc5 54.Ne5 h5 55.Nxf7 Ra8 56.e5 Kxc4 57.e6 Kd5
58.g4 hxg4 59.hxg4 Kxe6 60.Ng5+ Kd5 61.b6 Rb8 62.Nh3 Rxb6 63.Kf4 Rb3 64.Nf2 Ke6
65.Kg5 Kf7 66.Ne4 Rd3 67.Kh6 Re3 68.Ng5+ Kf6 69.Nh7+ Kf7  1/2-1/2

[Event "TCh-BIH"]
[Site "Jahorina BIH"]
[Date "2003.06.24"]
[Round "6"]
[White "Savic,Miod1"]
[Black "Sekulic,V"]
[Result "1-0"]
[WhiteElo "2493"]
[BlackElo "2285"]

1.e4 d6 2.d4 Nf6 3.Nc3 e5 4.Nf3 Nbd7 5.Be2 Be7 6.O-O O-O 7.h3 c6 8.a4 Re8
9.Re1 Qc7 10.a5 Nf8 11.d5 cxd5 12.exd5 Bd7 13.Be3 Rec8 14.Nd2 Ne8 15.Nc4 f5
16.Bf1 Bf6 17.Ra3 Ng6 18.Rb3 f4 19.Bd2 Bf5 20.Ne4 Be7 21.Na3 Nf6 22.Nxf6+ Bxf6
23.Qh5 Ne7 24.c4 Bg6 25.Qg4 Bf5 26.Qd1 Ng6 27.Nb5 Qd7 28.Nc3 Rc7 29.Ne4 Be7
30.Rc3 Rf8 31.b4 Nh4 32.c5 Bxe4 33.Rxe4 dxc5 34.bxc5 Rxc5 35.Rxc5 Bxc5 36.Rxe5 f3
37.g3 Ng6 38.Re4 Qd6 39.Be3 b6 40.Re6 Qd7 41.Bxc5 bxc5 42.Re3 Qd6 43.Rxf3 Re8
44.Rc3 Kh8 45.Bg2 Nf8 46.Qa4 Rc8 47.h4 h6 48.Bh3 Rd8 49.Bg2 Rc8 50.Qb5 Ng6
51.Qb7 Ne7 52.Re3 Rc7 53.Qb8+ Kh7 54.Re6 Qd7 55.Be4+ g6 56.Qf8 Nxd5  1-0

[Event "TCh-BIH"]
[Site "Jahorina BIH"]
[Date "2003.06.24"]
[Round "6"]
[White "Gavric,M"]
[Black "Scekic,M"]
[Result "1/2-1/2"]
[WhiteElo "2399"]
[BlackElo "2435"]

1.e4 c6 2.d4 d6 3.Nc3 Nf6 4.a4 Qa5 5.Bd2 Qc7 6.h3 e5 7.Nf3 Be7 8.Bc4 O-O
9.Ba2 b6 10.O-O Nbd7 11.Re1 Bb7 12.Bg5 h6 13.Bh4 a6 14.Bxf6 Bxf6 15.d5 c5
16.Bc4 g6 17.Bf1 Bg7 18.Ra3 Qd8 19.Rb3 f5 20.Nd2 Rf7 21.Nc4 Qc7 22.exf5 gxf5
23.g4 e4 24.gxf5 Rxf5 25.Nxe4 Rxd5 26.Qg4 Kh8 27.Rg3 Ne5 28.Nxe5 Rxe5 29.Qg6 Rf8
30.Ree3 Bd5 31.Bd3 Bg8 32.Qxd6 Qxd6 33.Nxd6 Rxe3 34.fxe3 Bxb2 35.Bxa6 Bh7
36.Nc4 Bg7 37.Rg2 Be4 38.Rf2 Rg8 39.Kf1 Bc3 40.Nd6 Bg6 41.Bd3 Bh5 42.Ne4 Ba5
43.Nf6 Rg5 44.Rf4 Kg7 45.h4 Re5 46.Kf2 Bg6 47.Ng4 Re7 48.Bc4 Be8 49.Nf6 Bd2
50.Nd5 Re5 51.Ke2 Ba5 52.Nc7 Bh5+ 53.Kf2 Bd2 54.Ne6+ Kh8 55.Rf8+ Kh7 56.Bd3+ Bg6
57.Rf7+ Kh8 58.Rf8+ Kh7 59.Rf7+ Kh8 60.Bxg6 Bxe3+ 61.Kg2 Rxe6 62.h5  1/2-1/2

[Event "TCh-BIH"]
[Site "Jahorina BIH"]
[Date "2003.06.24"]
[Round "6"]
[White "Zelic,Z"]
[Black "Dizdarevic,E"]
[Result "0-1"]
[WhiteElo "2383"]
[BlackElo "2491"]

1.e4 d6 2.d4 Nf6 3.Nc3 e5 4.Nf3 Nbd7 5.Bc4 Be7 6.O-O c6 7.a4 Qa5 8.Ba2 O-O
9.h3 exd4 10.Nxd4 Nc5 11.Nb3 Nxb3 12.Bxb3 Be6 13.Bxe6 fxe6 14.Qe2 Rae8 15.Bd2 Qh5
16.Qe3 a6 17.Rae1 Nd7 18.Ne2 Qf7 19.Bb4 Ne5 20.b3 c5 21.Bd2 Nc6 22.f4 d5
23.c3 Bd6 24.e5 Bb8 25.Ng3 c4 26.bxc4 Ba7 27.c5 Qe7 28.Kh2 Bxc5 29.Qd3 Qc7
30.Qe2 Be7 31.Qg4 Bd8 32.Bc1 Rf7 33.Ba3 Be7 34.Bxe7 Rexe7 35.Kh1 Rf8 36.Nh5 Kh8
37.Ng3 Ree8 38.Nh5 Nd8 39.Rf3 Rf7 40.Ref1 Ref8 41.Qh4 Qc4 42.a5 Nc6 43.Qg3 Ne7
44.Rb1 Qc5 45.Rb6 Nc6 46.f5 exf5 47.Rxf5 Qe7 48.Rxf7 Qxf7 49.Qg5 h6 50.Qh4 Nxe5
51.Qb4 Qf1+ 52.Kh2 Qf4+ 53.Kh1 Nf3  0-1

[Event "TCh-BIH"]
[Site "Jahorina BIH"]
[Date "2003.06.26"]
[Round "8"]
[White "Zelic,Z"]
[Black "Scekic,M"]
[Result "1/2-1/2"]
[WhiteElo "2383"]
[BlackElo "2435"]

1.e4 c6 2.d4 d6 3.Nc3 Nf6 4.Nf3 Bg4 5.Be2 e6 6.O-O d5 7.Bg5 Be7 8.e5 Bxf3
9.Bxf3 Nfd7 10.Bxe7 Qxe7 11.Be2 a6 12.f4 c5 13.Kh1 Nc6 14.dxc5 Nxc5 15.Bd3 h5
16.Qd2 g6 17.Rae1 h4 18.f5 O-O-O 19.fxg6 fxg6 20.Bxg6 Rhf8 21.Bd3 Qg7 22.b4 Nxb4
23.Na4 Nbxd3 24.cxd3 Nxa4 25.Qc2+ Kb8 26.Qxa4 Rxf1+ 27.Rxf1 Rg8 28.Qc2 Qxe5
29.Qf2 Qg5 30.d4 Ka7 31.Rb1 Rg7 32.h3 Rc7 33.Qb2 Qf5 34.a4 Qc2 35.Qb6+ Kb8
36.Rf1 Qc6 37.Qb4 Qc4 38.Rf8+ Ka7 39.Qd6 Rc8 40.Rxc8 Qxc8 41.a5 Qc1+ 42.Kh2  1/2-1/2

[Event "TCh-BIH"]
[Site "Jahorina BIH"]
[Date "2003.06.26"]
[Round "8"]
[White "Savic,Miod1"]
[Black "Bosnjak,D"]
[Result "1/2-1/2"]
[WhiteElo "2493"]
[BlackElo "2308"]

1.e4 d6 2.d4 Nf6 3.Nc3 e5 4.Nf3 Nbd7 5.Bc4 Be7 6.h3 O-O 7.O-O c6 8.Bb3 h6
9.Be3 exd4 10.Nxd4 Nc5 11.Qf3 Qa5 12.Rfd1 Nxb3 13.axb3 Qh5 14.Qg3 Qg6 15.Qf3 Qh5
16.Qf4 g5 17.Qh2 Qg6 18.f3 Ne8 19.g4 Bf6 20.Qf2 a6 21.Nce2 Be5 22.c3 f6 23.b4 h5
24.Kg2 Kf7 25.Nf5 Rh8 26.Rh1 Be6 27.Ned4 Ng7 28.Rad1 Rad8 29.Qc2 Rh7 30.Nxe6 Nxe6
31.Qb3 Qg8 32.Kf2 Kf8 33.Rdg1 h4 34.Rd1 Nf4 35.Qxg8+ Kxg8 36.Bxf4 Bxf4 37.Rd3 Rhd7
38.Rhd1 Kf7 39.Ke2 Be5 40.Kd2 b5 41.Kc2 Ke6 42.Ra1 Ra8 43.Ra5 c5 44.bxc5 dxc5
45.Rxd7 Kxd7 46.Ne3 Kc6 47.Ra1 a5 48.c4 a4 49.cxb5+ Kxb5 50.Nd5 c4 51.Ra3 Ra7
52.Ra1 Kc5 53.Ra2 Ra6 54.Ra1 Ra7 55.Ra2 Ra6 56.Ra3 Ra7  1/2-1/2

[Event "It"]
[Site "Pancevo YUG"]
[Date "2003.06.26"]
[Round "7"]
[White "Matulovic,M"]
[Black "Lazic,Mi"]
[Result "1-0"]
[WhiteElo "2432"]
[BlackElo "2508"]

1.e4 d6 2.d4 Nf6 3.Nc3 e5 4.Nf3 Nbd7 5.Bc4 Be7 6.O-O O-O 7.Re1 c6 8.a4 Qc7
9.b3 a5 10.h3 h6 11.Ba3 Re8 12.Qd2 Bf8 13.Rad1 exd4 14.Nxd4 Nc5 15.Qf4 Qe7
16.Bxc5 dxc5 17.Nf5 Bxf5 18.Qxf5 Rad8 19.Rxd8 Rxd8 20.e5 Nd5 21.e6 fxe6 22.Rxe6 Qf7
23.Re5 Qxf5 24.Rxf5 g6 25.Bxd5+ cxd5 26.Rxd5 Re8 27.Kf1 c4 28.Nd1 cxb3 29.cxb3 b6
30.Ne3 Bb4 31.g3 Kf7 32.Nc4 Re1+ 33.Kg2 Rb1 34.Rd3 Bc5 35.Ne5+ Kg7 36.Nd7 Bb4
37.Nxb6 Rb2 38.Nc4 Rc2 39.Ne3 Rb2 40.Nc4 Rc2 41.h4 Kf7 42.Ne5+ Kf6 43.Ng4+ Kg7
44.Rd7+ Kf8 45.Ne5 Ke8 46.Rd3 Bc5 47.Rf3 g5 48.hxg5 hxg5 49.Nc4 g4 50.Rf4  1-0

[Event "2nd It"]
[Site "Grenoble FRA"]
[Date "2003.06.27"]
[Round "9"]
[White "Delabaca,R"]
[Black "Leignel,N"]
[Result "1/2-1/2"]
[WhiteElo "2166"]
[BlackElo "2139"]

1.e4 d6 2.d4 Nf6 3.Nc3 Nbd7 4.g4 h6 5.h3 e5 6.Nge2 b5 7.a3 Bb7 8.Bg2 c6 9.Be3 Be7
10.Qd2 Nb6 11.b3 a5 12.Ng3 b4 13.Nce2 c5 14.dxe5 dxe5 15.Qxd8+ Kxd8 16.axb4 axb4
17.O-O Re8 18.Nf5 Bf8 19.Neg3 Rxa1 20.Rxa1 Kc7 21.f3 Nfd7 22.Bf1 Nb8 23.Bb5 Rd8
24.Kf2 Nc6 25.Ne2 Ra8 26.Rxa8 Nxa8 27.Nc1 Kb6 28.Bc4 f6 29.Nd3 Nc7 30.Nb2 Na5
31.Bf7 Bc6 32.Nd3 Kb5 33.Nb2 Be8 34.Bg8 Bd7 35.Nc4 Be6 36.Nfd6+ Bxd6 37.Nxd6+ Kc6
38.Bxe6 Nxe6 39.Nf5 c4 40.bxc4  1/2-1/2

[Event "TCh-BIH"]
[Site "Jahorina BIH"]
[Date "2003.06.27"]
[Round "9"]
[White "Plakalovic,P"]
[Black "Jokic,I"]
[Result "1/2-1/2"]
[WhiteElo "2168"]
[BlackElo "2372"]

1.e4 d6 2.d4 Nf6 3.Nc3 c6 4.h3 a6 5.Nf3 h6 6.Be2 g6 7.Be3 Bg7 8.O-O O-O 9.a4 a5
10.Qd2 Kh7 11.Rad1 Na6 12.Rfe1 Ng8 13.Nh2 e6 14.f4 Nb4 15.Nf3 f5 16.exf5 exf5
17.Bf2 Be6 18.Bf1 Bd7 19.Kh1 Qf6 20.Bc4 d5 21.Bh4 Qd6 22.Be2 Bf6 23.Bf2 Rae8
24.Ne5 Bd8 25.Rf1 Nf6 26.Bh4 Ne4 27.Nxe4 dxe4 28.Bxd8 Rxd8 29.c3 Nd5 30.Bc4 Be6
31.Rde1 Nb6 32.Bxe6 Qxe6 33.Qc2 Rd6 34.b3 Ra8 35.Kh2 Nd5 36.Qc1 Nf6 37.Qa3 h5
38.Qb2 Kg7 39.Qc2 Rdd8 40.Re3 h4 41.Ree1 Rh8 42.Rb1 Nd5 43.Rbe1 Qd6 44.Qb2 b6
45.Kh1 Rad8 46.Rb1 Rhe8 47.Rbc1 Re6 48.Rce1 Kh7 49.Qd2 Qe7 50.Rc1  1/2-1/2

[Event "2nd Open"]
[Site "La Fere FRA"]
[Date "2003.06.29"]
[Round "2"]
[White "Steenbekkers,F"]
[Black "Shirazi,K"]
[Result "0-1"]
[WhiteElo "2198"]
[BlackElo "2437"]

1.e4 d6 2.d4 Nf6 3.Nc3 Nbd7 4.f4 e5 5.Nf3 c6 6.Bd3 b5 7.a3 a6 8.dxe5 dxe5
9.O-O Bd6 10.Kh1 exf4 11.Bxb5 Qc7 12.Bd3 Ng4 13.h3 h5 14.e5 Ndxe5 15.Nxe5 Bxe5
16.Qe1 Kf8 17.Ne4 Rb8 18.Qh4 Bf5 19.hxg4 Bxe4 20.g5 Bxd3 21.cxd3 g6 22.Bxf4 Rxb2
23.Rac1 Bxf4 24.Qxf4 Qxf4 25.Rxf4 Rb6 26.Rf6 Kg7 27.Rcxc6 Rb5 28.Rc7 Rf8
29.Rxa6 Rxg5 30.Raa7 Rf5 31.a4 g5 32.d4 h4 33.Kg1 Kg6 34.Rc5 Rf4 35.a5 Rxd4
36.Rb7 Re8 37.Rc2 Rf4 38.g3 hxg3 39.Ra2 Rh4 40.Rbb2 f5 41.a6 Re1+ 42.Kg2 f4
43.a7 Rh2+ 44.Kf3 Re3+ 45.Kg4 Rh4+  0-1

[Event "I Carvalho Mem Masters"]
[Site "Maia POR"]
[Date "2003.06.29"]
[Round "8"]
[White "Santos,CP"]
[Black "Galego,L"]
[Result "0-1"]
[WhiteElo "2414"]
[BlackElo "2506"]

1.d4 d6 2.e4 Nf6 3.Nc3 c6 4.f4 d5 5.e5 Ng4 6.Bd3 Nh6 7.Nf3 e6 8.Ne2 c5 9.c3 Nc6
10.O-O Nf5 11.g4 Nh4 12.Be3 c4 13.Bc2 h5 14.Nxh4 Qxh4 15.g5 Qg4+ 16.Kf2 Qh4+
17.Kg2 Qg4+ 18.Kh1 Ne7 19.Qe1 Nf5 20.Qf2 h4 21.Rg1 Qh5 22.g6 Be7 23.h3 fxg6
24.Rg4 Bd7 25.Rag1 O-O-O 26.Kh2 Be8 27.Bd1 Rf8 28.Nc1 Qh8 29.Qd2 g5 30.fxg5 Bh5
31.Bf4 Bxg4 32.Bxg4 g6 33.b3 Kb8 34.bxc4 dxc4 35.Ne2 Rd7 36.Rb1 Bd8 37.Ng1 Qg7
38.Kg2 Qf7 39.Bh2 Ba5 40.Nf3 Rfd8 41.Rf1 Qe7 42.Bxf5 gxf5 43.Qb2 Rd5 44.Bf4 Rg8
45.Kf2 Qd7 46.Rb1 a6 47.Qc2 Rb5 48.Rxb5 axb5 49.Nxh4 Rh8 50.Nf3 Rxh3 51.g6 Rh8
52.Ke3 Rg8 53.Nh4 Qe7 54.Nxf5 exf5 55.Qxf5 Bxc3 56.Qf7 Qd8 57.d5 Qb6+ 58.Kf3 Qxg6
59.e6+ Ka8 60.Qxg6 Rxg6 61.e7 Rg8 62.Ke4 Bf6 63.d6 Re8  0-1

[Event "6th Open Vins du Mer"]
[Site "Naujac sur Mer FRA"]
[Date "2003.06.29"]
[Round "1"]
[White "Ferrandi,B"]
[Black "Capron,D"]
[Result "0-1"]
[WhiteElo "2032"]
[BlackElo "2181"]

1.e4 d6 2.d4 Nf6 3.Nc3 Nbd7 4.Bc4 e5 5.f4 Be7 6.Nf3 exd4 7.Qxd4 c6 8.a3 O-O
9.e5 dxe5 10.fxe5 Bc5 11.Qh4 Re8 12.Bf4 Ng4 13.Bxf7+ Kf8 14.Qxh7 Ndf6 15.Qh8+ Kxf7
16.Ng5+ Kg6 17.Qh3 Nxe5 18.Qg3 Neg4+ 19.Ne2 Bf2+  0-1

[Event "6th Open Vins du Mer"]
[Site "Naujac sur Mer FRA"]
[Date "2003.06.29"]
[Round "1"]
[White "Burdet,F"]
[Black "Seret,JL"]
[Result "0-1"]
[WhiteElo "2083"]
[BlackElo "2306"]

1.e4 d6 2.d4 Nf6 3.Nc3 Nbd7 4.Nf3 e5 5.Bc4 Be7 6.h3 O-O 7.Be3 c6 8.a4 b6
9.d5 cxd5 10.Bxd5 Nxd5 11.Nxd5 Bb7 12.c4 Rc8 13.b3 Nc5 14.Bxc5 bxc5 15.Qd2 Bxd5
16.Qxd5 Rb8 17.Rb1 Qa5+ 18.Ke2 Rb4 19.h4 Rfb8 20.Ng5 Bxg5 21.hxg5 Qc7 22.Rhd1 R4b6
23.Rd3 Qe7 24.Rf3 Rf8 25.g6 hxg6 26.Rh1 g5 27.Rfh3 g6 28.Rh8+ Kg7 29.R8h7+ Kf6
30.R1h3 g4 31.Rg3 Qe6 32.Qd2 Rfb8 33.Qh6 Ke7 34.Qh4+ Kd7 35.Rh8 g5 36.Qh5 Rxb3
37.Rxb3 Rxb3 38.Kd2 Rb2+ 39.Kc3 Rb4 40.Kd2 Rxc4 41.Qxg5 Rd4+ 42.Ke1 Rxe4+
43.Kf1 Qc4+ 44.Kg1 Re1+ 45.Kh2 Qf4+ 46.Qxf4 exf4 47.Ra8 c4 48.Rxa7+ Ke6 49.Ra8 Ra1
50.a5 f5 51.a6 Kd5 52.a7 c3 53.g3 f3 54.Rc8 Rxa7 55.Rxc3 Kd4 56.Rc1 d5 57.Rd1+ Kc5
58.Rc1+ Kd6 59.Re1 Re7 60.Rd1 Re2  0-1

[Event "WJun Girls"]
[Site "Nakhchivan AZE"]
[Date "2003.06.30"]
[Round "8"]
[White "Umudova,M"]
[Black "Shukurova,M"]
[Result "0-1"]
[WhiteElo "1922"]
[BlackElo "2250"]

1.e4 d6 2.d4 Nf6 3.Nc3 e5 4.dxe5 dxe5 5.Qxd8+ Kxd8 6.Nf3 Bd6 7.h3 h6 8.Bc4 Be6
9.Bxe6 fxe6 10.Be3 g5 11.O-O-O Ke7 12.Nd2 Nbd7 13.f3 c6 14.g4 b5 15.Nb3 a5
16.a4 Bb4 17.axb5 cxb5 18.Nxb5 a4 19.Bd2 Bxd2+ 20.Nxd2 Rhc8 21.Nb1 Rc5 22.N1a3 Nf8
23.Rd3 Ng6 24.Rc3 Nd7 25.Rd1 Rxc3 26.Nxc3 Nh4 27.Rd3 Nc5 28.Re3 Rf8 29.Nc4 Nxf3
30.Nd1 Rf4 31.Nb6 Nd4 32.c3 Ndb3+ 33.Kc2 Na1+ 34.Kb1 Nab3 35.Kc2 Rf1 36.Nc4 Kf6
37.Nb6 Na1+ 38.Kd2 Rf4 39.Kc1 Nab3+ 40.Kc2 Na5 41.Re2 Nc6 42.Kc1 Nxe4 43.Nxa4 Ng3
44.Rf2 e4 45.Rg2 Nf1 46.Nc5 Ne5 47.b4 Nd3+ 48.Kb1 Nxc5 49.bxc5 Ke5 50.Re2 Rf3
51.Kc2 Ng3 52.Re1 h5 53.Ne3 Rf2+ 54.Kb3 h4 55.Kc4 Re2 56.Rxe2 Nxe2 57.c6 Kd6
58.Kb5 Kc7 59.Nd1 Nf4 60.Kc5 Nxh3 61.Kd4 Nf4 62.Kxe4 Kxc6 63.Nf2 Kc5 64.Kf3 h3
65.Kg3 Ne2+ 66.Kxh3 Nxc3 67.Kg3 Kd4 68.Kf3 e5 69.Nh3 Ne4 70.Ke2 Kc4 71.Kf3 Kd3
72.Ng1 Nc5 73.Nh3 e4+ 74.Kg3 Ne6 75.Nf2+ Ke3 76.Nh3 Kd2 77.Ng1 Nf4 78.Kf2 e3+
79.Kf3 e2 80.Nxe2 Nxe2 81.Ke4 Ng1  0-1

[Event "WJun"]
[Site "Nakhchivan AZE"]
[Date "2003.06.30"]
[Round "10"]
[White "Kritz,L"]
[Black "Bachin,V"]
[Result "0-1"]
[WhiteElo "2468"]
[BlackElo "2443"]

1.d4 d6 2.e4 Nf6 3.Nc3 c6 4.f4 Qa5 5.Bd3 e5 6.Nf3 Nbd7 7.O-O Be7 8.Kh1 O-O
9.Qe1 Kh8 10.Bd2 Qc7 11.dxe5 dxe5 12.f5 b5 13.h3 b4 14.Na4 c5 15.b3 Bb7 16.Nb2 Rae8
17.Qe3 Nb6 18.Be1 Nbd5 19.Qe2 Nf4 20.Qe3 c4 21.Nxc4 Bc5 22.Qc1 Nxe4 23.Ncxe5 Nxg2
24.Bxe4 Bxe4 25.Bg3 Bd6 26.Kxg2 Bxe5 27.Bxe5 Qxe5 28.Qd2 Qxf5 29.Qxb4 Qg5+  0-1